Capitals of Countries that Begin With D - Statistics

General Stats
  • This quiz has been taken 220 times
  • The average score is 4 of 5
Answer Stats
Hint Answer % Correct
Denmark Copenhagen
98%
Djibouti Djibouti
98%
Dominican Republic Santo Domingo
90%
Democratic Republic of the Congo Kinshasa
87%
Dominica Roseau
69%
No matching quizzes found
Score Distribution
Percent of People with Each Score
Percentile by Number Answered
Your Score History
You have not taken this quiz